000 00753nam a2200217Ia 4500
003 GCL
008 140319s9999 xx 000 0 ara d
020 _a661208977
040 _aGCL /
_cGCL
082 0 4 _a335
_bس ا
100 1 _aسمير امين
245 1 0 _aالاشتراكية واقتصاد السوق :
_bتجارب الصين - فيتنام - كوبا /
_cسمير امين
260 _aالقاهرة :
_bمكتبة مدبولى ،
_c2003
300 _a203 ص ؛
_c24 سم
650 0 4 _aالمذاهب الاقتصادية
650 0 4 _aالاشتراكية - اسيا
650 0 4 _aالاشتراكية - الصين
650 0 4 _aالاشتراكية - فيتنام
650 0 4 _aالاشتراكية - كوبا
942 _2ddc
_cBK
999 _c5326
_d5326